Taylor Swift: Nothing New lyrics - Statistics

General Stats
  • This quiz has been taken 1,121 times
  • The average score is 294 of 355
Answer Stats
Answer % Correct
I
100%
a
99%
you
99%
an
98%
and
98%
nothing
98%
the
98%
when
98%
it
96%
me
96%
new
96%
go
95%
i'm
95%
your
95%
have
94%
know
94%
on
94%
at
93%
but
93%
then
93%
They
93%
they
93%
to
93%
will
93%
can
92%
do
92%
how
92%
still
92%
my
91%
be
90%
everything
90%
in
90%
of
90%
want
90%
you're
90%
18
89%
22
89%
out
89%
fun
88%
like
88%
person
88%
tell
88%
too
88%
who
88%
young
87%
girls
86%
it's
86%
say
86%
she
86%
drink
85%
had
85%
had)
85%
i've
85%
(i've
85%
much
85%
time
84%
cry
83%
tonight
83%
actually
82%
feel
82%
this
82%
up
81%
up)
81%
moving
80%
way
80%
what
80%
middle
79%
night
79%
ones
78%
wake
78%
(wake
78%
from
77%
through
77%
all
76%
been
76%
she's
75%
while
75%
room
74%
long
73%
looks
73%
cute
72%
crying
71%
is
71%
sky
71%
think
71%
down
70%
fly
70%
only
70%
slay
70%
about
68%
hunt
67%
her
66%
become
65%
17
64%
are
64%
criticize
64%
lost
64%
once
64%
dream
63%
sad
63%
soaring
63%
affection
60%
blame
60%
eyes
60%
fever
60%
gonna
60%
growing
60%
lord
60%
novelty
60%
with
60%
someday
59%
youth
59%
cheeks
58%
kind
58%
roll
58%
can't
57%
faking
57%
smiles
57%
tired
57%
i'll
56%
love
56%
meet
56%
radiance
55%
we
55%
for
54%
shoot
54%
sigh
54%
got
52%
myself
52%
she'll
51%
sleep
50%
happy
49%
red
48%
breaking
47%
did
47%
map
47%
turning
45%
someone
43%
lights
42%
else
40%
lose
40%
people
40%
'til
40%
attention
37%
if
32%
biding
31%
ingénue
30%
they'll
27%
wonder
25%
miss
24%
drive
22%
No matching quizzes found
Score Distribution
Percent of People with Each Score
Percentile by Number Answered
Your Score History
You have not taken this quiz